000
00184 a2200097 4500
020
_a
9780735222366
041
_a
eng
100
_a
Lincoln Highway
245
_a
Amor Towles
942
_c
BK
999
_c
30586
_d
30584